00317nam a22000857a 4500008004100000050002400041100002500065245012500090300001600215210115b xxu||||| |||| 00| 0 eng d aGMB b.M37 2018 c.1 aMaroro, Rose Kemunto aEffects of Asset Restructuring on Profitability of Financially Distressed Commercial Banks in Kenya cRoe Kemunto Maroro axiii, 59 l.